[Event "NRW-ch U16 Girls"]
[Site "Kranenburg"]
[Date "2009.04.16"]
[Round "6"]
[White "Brune, Lena Marie"]
[Black "Berger, Melanie"]
[Result "0-1"]
[WhiteElo "1267"]
[BlackElo "1322"]
[PlyCount "58"]
[EventDate "2009.04.13"]
[EventType "swiss"]
[EventRounds "7"]
[EventCountry "GER"]
[SourceTitle "EXT 2010"]
[Source "ChessBase"]
[SourceDate "2010.11.25"]
[SourceVersion "1"]
[SourceVersionDate "2010.11.25"]
[SourceQuality "1"]

1. d4 d5 2. Nf3 Nf6 3. Bf4 e6 4. a3 c5 5. e3 Be7 6. dxc5 Bxc5 7. Nc3 0-0 8. Bd3 h6 9. 0-0 Nc6 10. Bg3 Re8 11. e4 dxe4 12. Nxe4 Nxe4 13. Bxe4 Qb6 14. Rb1 Rd8 15. Qe2 Nd4 16. Nxd4 Bxd4 17. c3 Bf6 18. Rfd1 Bd7 19. Qf3 Bc6 20. Rxd8+ Rxd8 21. Bxc6 bxc6 22. Bf4 Qb3 23. g3 Qc2 24. Re1 Qxb2 25. c4 Qb6 26. Qe4 Bd4 27. Re2 c5 28. a4 Rc8 29. Bd2 Qb3 0-1

[Event "NRW-ch U16 Girls"]
[Site "Kranenburg"]
[Date "2009.04.13"]
[Round "1"]
[White "Orhan, Eda"]
[Black "Brune, Lena Marie"]
[Result "1-0"]
[WhiteElo "1769"]
[BlackElo "1267"]
[PlyCount "55"]
[EventDate "2009.04.13"]
[EventType "swiss"]
[EventRounds "7"]
[EventCountry "GER"]
[SourceTitle "EXT 2010"]
[Source "ChessBase"]
[SourceDate "2010.11.25"]
[SourceVersion "1"]
[SourceVersionDate "2010.11.25"]
[SourceQuality "1"]

1. d4 d5 2. Nf3 Bf5 3. Bf4 Nf6 4. e3 c5 5. Bb5+ Bd7 6. Bd3 Nc6 7. c3 e6 8. Nbd2 c4 9. Bc2 b5 10. a3 g6 11. 0-0 Bc8 12. e4 Bg7 13. Re1 0-0 14. Ne5 Bb7 15. exd5 Nxd5 16. Bg3 Re8 17. Ne4 Rc8 18. Nxc6 Rxc6 19. Nc5 Ba8 20. Qe2 Qe7 21. Be5 Rb6 22. a4 bxa4 23. Nxa4 Rb5 24. Qxc4 Qd7 25. Nc5 Nb6 26. Qe2 Rxc5 27. dxc5 Nd5 28. Rad1 1-0